JBD भारतीय संविधान/ (Record no. 207968)

MARC details
000 -LEADER
fixed length control field 00930nam a22002057a 4500
005 - DATE AND TIME OF LATEST TRANSACTION
control field 20250102114502.0
010 ## - LCCN (DPL NO)
LC control number HIN-129083
020 ## - INTERNATIONAL STANDARD BOOK NUMBER
International Standard Book Number 97881977756856
Terms of availability 295.00
035 ## - SYSTEM CONTROL NUMBER
System control number HN-101429
037 ## - SOURCE OF ACQUISITION
Source of stock number/acquisition DBAD
082 ## - DEWEY DECIMAL CLASSIFICATION NUMBER
Classification number 342.54
100 ## - MAIN ENTRY--PERSONAL NAME
Personal name सुरेश कुमार
245 ## - TITLE STATEMENT
Title JBD भारतीय संविधान/
Statement of responsibility, etc सुरेश कुमार, सोमनाथ वर्मा और गुलशन राय
260 ## - PUBLICATION, DISTRIBUTION, ETC. (IMPRINT)
Place of publication, distribution, etc करनाल, हरियाणा
Name of publisher, distributor, etc ज्योति बुक डिपो
Date of publication, distribution, etc 2025
270 ## - ADDRESS
Address 295, इब्राहिम मंडी
City करनाल, हरियाणा
Postal code 132001
Telephone number 0184-2294444
-- 0184-2241694
300 ## - PHYSICAL DESCRIPTION
Extent 230 पृ.
Dimensions 25 सेमी (अजिल्द)
700 ## - ADDED ENTRY--PERSONAL NAME
Personal name वर्मा, सोमनाथ
9 (RLIN) 75682
700 ## - ADDED ENTRY--PERSONAL NAME
Personal name राय, गुलशन
9 (RLIN) 75683
942 ## - ADDED ENTRY ELEMENTS (KOHA)
Source of classification or shelving scheme Dewey Decimal Classification
Item type Hindi Books
Classification part 342.54
Call number suffix सुरेश
Holdings
Withdrawn status Lost status Not for loan Collection code Home library Current library Date acquired Source of acquisition Cost, normal purchase price Full call number Barcode Copy number Cost, replacement price Koha item type
      Non-fiction Central Library Central Library 02/01/2025 DBAD 295.00 342.54 सुरेश HN-101429 1 295.00 Hindi Books

© Delhi Public Library
Hit Counter
free hit counter